Tax Policy Handbook.

Edited by Parthasarathi Shome, this Handbook was written primarily for economists who are responsible for analyzing and evaluating economic policies of developing countries at an applied level, and who would benefit from a comprehensive discussion of the concepts, principles, and prevailing issues o...

Täydet tiedot

Bibliografiset tiedot
Aineistotyyppi: Aikakauslehti
Kieli:English
Julkaistu: Washington, D.C. : International Monetary Fund, 1995.
Linkit:Full text available on IMF
LEADER 01124cas a2200181 a 4500
001 AALejournalIMF014246
008 230101c9999 xx r poo 0 0eng d
020 |z 9781557754905 
040 |a BD-DhAAL  |c BD-DhAAL 
245 1 0 |a Tax Policy Handbook. 
264 1 |a Washington, D.C. :  |b International Monetary Fund,  |c 1995. 
300 |a 1 online resource (335 pages) 
500 |a <strong>Off-Campus Access:</strong> No User ID or Password Required 
500 |a <strong>On-Campus Access:</strong> No User ID or Password Required 
506 |a Electronic access restricted to authorized BRAC University faculty, staff and students 
520 3 |a Edited by Parthasarathi Shome, this Handbook was written primarily for economists who are responsible for analyzing and evaluating economic policies of developing countries at an applied level, and who would benefit from a comprehensive discussion of the concepts, principles, and prevailing issues of taxation. 
538 |a Mode of access: Internet 
856 4 0 |z Full text available on IMF  |u http://elibrary.imf.org/view/books/071/06719-9781557754905-en/06719-9781557754905-en-book.xml  |z IMF e-Library